Aquí /

Gespeichert in:
Bibliographische Detailangaben
1. Verfasser: Palma Rojo, Rodolfo (autor)
Format: Buch
Sprache:Spanisch
Veröffentlicht: México : UNAM, 1991, c1991
Schriftenreihe:(Textos de Difusión Cultural. Rayuela)
Schlagworte:
Tags: Tag hinzufügen
Keine Tags, Fügen Sie das erste Tag hinzu!

MARC

LEADER 00000nam^a2200000^a^4500
001 000261451
005 20250521000000.0
009 20260310110511.952
020 |a 968-36-1684-4 
037 |a Acervo Xavier Clavigero 
041 |a ESP 
082 |a 863.  |b PAL 
100 |a Palma Rojo, Rodolfo  |e (autor) 
245 1 0 |a Aquí /  |c R. Palma Rojo. 
264 4 |a México :  |b UNAM,  |c 1991, c1991 
300 |a 179 p. 
336 |a texto  |b txt  |2 rdacontenido 
337 |a sin mediación  |b n  |2 rdamedio 
338 |a volumen  |b nc  |2 rdasoporte 
440 1 |a (Textos de Difusión Cultural.  |p Rayuela) 
649 |a XX 
650 |a Novela Mexicana 
650 |a Literatura Mexicana -  |y Siglo XX 
910 |a Fondo General 
920 |a Impresos - Libros 
930 |a Colección General 
940 |a Literatura 
905 |a 101 
901 |a 039769  |b IT1  |c LIT  |u 20250521 
902 |a https://opac.biblio.iteso.mx/vufind/Record/000261451